000
00330 a2200157 4500
001
177541
020
_a
040
_c
Magnum
100
_a
Saki,mii e Iwatsuki,nobuki
240
1
0
_a
A estrela-do-mar
_l
por
245
1
0
_a
A estrela-do-mar
362
0
_a
1899
440
1
_a
Ática
697
_a
MAGNITO: I/ECOLOGIA
942
_c
BK
999
_c
177541
_d
177541